| 000 | 01083cam a2200337 a 4500 | ||
|---|---|---|---|
| 001 | 2831 | ||
| 003 | BD-DhEWU | ||
| 005 | 20141027142309.0 | ||
| 008 | 850702s1986 mdua g r 001 0ceng d | ||
| 010 | _a85051472 | ||
| 020 | _a096154760X | ||
| 020 | _a9780961547608 | ||
| 035 | _a(OCoLC)13527077 | ||
| 040 |
_aDLC _cDLC _dDLC _dBD-DhEWU _beng |
||
| 041 | _aeng | ||
| 050 | 0 | 0 |
_aCT220 _b.E27 1986 |
| 082 | 0 | 4 |
_a920 _aBLC 1986 |
| 245 | 0 | 0 |
_aEarl Blackwell's celebrity register / _cedited by Earl Blackwell. |
| 260 |
_aTowson, Md. : _bTimes Pub. Group, _cc1986. |
||
| 300 |
_a581 p. : _bill. ; _c29 cm. |
||
| 504 | _aIncludes index. | ||
| 526 | _aOther | ||
| 590 | _aSaifun Momota | ||
| 650 | 0 |
_aSocial registers _zUnited States. _918128 |
|
| 650 | 0 |
_aCelebrities _zUnited States _xRegisters. _918129 |
|
| 651 | 0 |
_aUnited States _xBiography. _94221 |
|
| 700 | 1 |
_aBlackwell, Earl. _918130 |
|
| 740 | 0 | _aCelebrity register. | |
| 856 | 4 | 2 |
_3WorldCat details _uhttps://www.worldcat.org/title/earl-blackwells-celebrity-register/oclc/13527077&referer=brief_results |
| 942 |
_2ddc _cREF |
||
| 999 |
_c2831 _d2831 |
||